Princíp hry v slovenskej poézii "Viazaný"/"pravidelný" a voľný verš

Bibliographic Details
Main Author: Štraus, František, 1933-2008 (Author)
Format: Article
Language:Slovak
Subjects:

MARC

LEADER 00000nab a2200000 a 4500
001 vtls000557343
003 SK-MaSNL
005 20260304084220.0
008 250425c1995 xo 0 slo
015 |a SNBRB19rr/mm-uuuuu 
035 |a CL0557481 
035 |a urn:nbn:sk:snk-abepb2 
035 |a (urnnbn)urn:nbn:sk:snk:ar-000ezq 
035 |a (uuid)ce36e6ec-fda9-452f-9b17-e9a9bdb772d9 
040 |a SNKBUCL  |b slo  |c SNKBUCL  |e AACR2 
041 0 |a slo 
044 |a xo  |c SK 
080 |a 82.0:801.6  |2 1981 
100 1 |a Štraus, František,  |d 1933-2008  |4 aut  |9 105627 
245 1 0 |a Princíp hry v slovenskej poézii  |b "Viazaný"/"pravidelný" a voľný verš  |c František Štraus 
650 0 7 |a verš  |2 snkbucl  |9 68029 
650 0 7 |a systémy verzifikačné  |2 snkbucl  |9 1183005 
655 7 |a články z novín a časopisov  |2 snkbucl  |9 267496 
655 7 |a články z odboru literárna veda a krásna literatúra  |2 snkbucl  |9 770045 
773 0 |t Slovenské pohľady  |g Roč. 4+111, č. 7-8 (1995), s. 23-27 
850 |a Slovenská národná knižnica 
852 |a Slovenská národná knižnica 
958 |a article27 
958 |a RK 
958 |a LX 
958 |a OND 
958 |a EUIPO 
992 |a RBX 
999 |c 2802426  |d 2804356